|
|
|
|
| LEADER |
00000nam a2200000 a 4500 |
| 001 |
vtls010314590 |
| 003 |
SK-MaSNL |
| 005 |
20260425223138.0 |
| 008 |
251029s2011 xo l 000 0 slo |
| 015 |
|
|
|a SNBA2011/11-05664
|
| 020 |
|
|
|a 9788089090938
|q (brož.)
|
| 035 |
|
|
|a 95594201-DDAE-4354-B907-95DB761C4C01
|
| 035 |
|
|
|a urn:nbn:sk:snk-amjiqf
|
| 035 |
|
|
|a urn:nbn:sk:snk-am000wvh
|
| 040 |
|
|
|a SNK
|b slo
|c SNK
|e AACR2
|
| 041 |
0 |
|
|a slo
|
| 043 |
|
|
|a e-xo---
|
| 044 |
|
|
|a xo
|c SK
|
| 072 |
|
7 |
|a 338.3/.4
|x Hospodárske a výrobné odvetvia
|2 konspekt
|
| 080 |
|
|
|a 338.48
|2 2001
|
| 080 |
|
|
|a 659.2
|2 2001
|
| 080 |
|
|
|a (437.6)
|2 2001
|
| 080 |
|
|
|a (048.8)
|2 2001
|
| 100 |
1 |
|
|a Orieška, Ján,
|d 1948-
|4 aut
|9 112382
|
| 245 |
1 |
0 |
|a Služby v cestovnom ruchu
|c Ján Orieška
|n 1. časť
|
| 250 |
|
|
|a 1. vyd.
|
| 260 |
|
|
|a Banská Bystrica
|b Dali-BB
|c 2011
|
| 300 |
|
|
|a 140 s.
|b sch., tab.
|c 21 cm
|
| 366 |
|
|
|e 500 výt.
|
| 490 |
1 |
|
|a Knižnica cestovného ruchu
|v 18
|
| 504 |
|
|
|a Bibliog.s. 134-138
|
| 650 |
0 |
7 |
|a cestovný ruch
|2 SNKPH
|9 999
|
| 650 |
0 |
7 |
|a informačné služby
|2 SNKPH
|9 49796
|
| 650 |
0 |
7 |
|a Tourism
|2 SNKPHeng
|9 266335
|
| 650 |
0 |
7 |
|a Information services
|2 SNKPHeng
|9 312481
|
| 651 |
|
7 |
|a Slovensko
|2 SNKPH
|9 14231
|
| 651 |
|
7 |
|a Slovakia
|2 SNKPHeng
|9 92630
|
| 655 |
|
7 |
|a monografie
|2 SNKPH
|9 70139
|
| 655 |
|
7 |
|a Monographs
|2 SNKPHeng
|9 120675
|
| 830 |
|
0 |
|a Knižnica cestovného ruchu
|9 328735
|
| 852 |
|
|
|a Štátna vedecká knižnica v Banskej Bystrici
|
| 919 |
|
|
|a 978-80-89090-93-8
|
| 958 |
|
|
|a NB
|
| 958 |
|
|
|a OND
|
| 968 |
|
|
|d 33
|
| 999 |
|
|
|c 577790
|d 579720
|
| 952 |
|
|
|a SNK
|b SNK
|y PREZ
|7 0
|p 17A0787499
|o snkSC 147192/1
|i snk2011/22685
|8 0
|0 0
|1 0
|4 0
|d 2011-11-14
|l 0
|r 2025-07-16 00:00:00
|w 2026-02-23
|
| 952 |
|
|
|a SNK
|b SNK
|y VYP
|7 0
|p 17A0787500
|o snkSC 147192/1 D1
|i snk2011/22686
|8 0
|0 0
|1 0
|4 0
|d 2011-11-14
|l 0
|r 2026-02-23 14:39:13
|w 2026-02-23
|